BIBLIOTECA PODER JUDICIAL
Portal Judicial TDF

Constitucionalidad de las restricciones para acceder a la libertad condicional y demás beneficios en los delitos previstos en la ley 23.737 / (Registro nro. 5703)

000 -LEADER
fixed length control field 01752nab a22002777a 4500
003 - CONTROL NUMBER IDENTIFIER
control field OSt
005 - DATE AND TIME OF LATEST TRANSACTION
control field 20251229122415.0
008 - FIXED-LENGTH DATA ELEMENTS--GENERAL INFORMATION
fixed length control field 190429b xxu||||| |||| 00| 0 spa d
040 ## - CATALOGING SOURCE
Transcribing agency PJ
100 ## - MAIN ENTRY--PERSONAL NAME
9 (RLIN) 6636
Personal name Santoianni, Juan Pablo
245 10 - TITLE STATEMENT
Title Constitucionalidad de las restricciones para acceder a la libertad condicional y demás beneficios en los delitos previstos en la ley 23.737 /<br/>
Statement of responsibility, etc Juan Pablo Santoianni.
260 ## - PUBLICATION, DISTRIBUTION, ETC. (IMPRINT)
Date of publication, distribution, etc Ciudad Autónoma de Buenos Aires :
Place of publication, distribution, etc Thomson Reuters La Ley,
Name of publisher, distributor, etc 2025.
300 ## - PHYSICAL DESCRIPTION
Extent p. 205-214
500 ## - GENERAL NOTE
General note Cita: TR LALEY AR/DOC/2209/2025.
505 ## - FORMATTED CONTENTS NOTE
Formatted contents note Sumario: I. Introducción.— II. La cuestión debatida en el plenario "Tobar Coca". Distintas posturas.— III. Cuestionamientos constitucionales a las modificaciones introducidas por la ley 27.375.— IV. Inexistencia de una doctrina de la Corte respecto de la exclusión de determinados delitos de la libertad condicional y demás salidas anticipadas.— V. Reflexiones sobre la constitucionalidad de las restricciones en los delitos previstos en los arts. 5°, 6° y 7° ley 23.737.— VI. Conclusiones.<br/>
Miscellaneous information <br/>
505 ## - FORMATTED CONTENTS NOTE
Title Fallos comentados: CFCasación Penal, en pleno ~ 08/04/2025 ~ Tobar Coca, Néstor s/ inaplicabilidad de ley.
505 ## - FORMATTED CONTENTS NOTE
Title Si te interesa el texto completo, solicitalo a koha@justierradelfuego.gov.ar
650 #0 - SUBJECT ADDED ENTRY--TOPICAL TERM
9 (RLIN) 343
Topical term or geographic name as entry element DERECHO PENAL
650 #0 - SUBJECT ADDED ENTRY--TOPICAL TERM
9 (RLIN) 2954
Topical term or geographic name as entry element LIBERTAD CONDICIONAL
650 #0 - SUBJECT ADDED ENTRY--TOPICAL TERM
9 (RLIN) 1237
Topical term or geographic name as entry element IGUALDAD ANTE LA LEY
650 #0 - SUBJECT ADDED ENTRY--TOPICAL TERM
9 (RLIN) 2870
Topical term or geographic name as entry element ESTUPEFACIENTES
650 #0 - SUBJECT ADDED ENTRY--TOPICAL TERM
9 (RLIN) 4950
Topical term or geographic name as entry element PRINCIPIO DE PROGRESIVIDAD
650 #0 - SUBJECT ADDED ENTRY--TOPICAL TERM
Topical term or geographic name as entry element PRINCIPIO DE RAZONABILIDAD
773 0# - HOST ITEM ENTRY
Host Biblionumber 2658
Host Itemnumber 3164
Title Revista de derecho penal y criminología. Nº 8 - Octubre 2025
Place, publisher, and date of publication Ciudad Autónoma de Buenos Aires : Thomson Reuters La Ley, 2017-
International Standard Serial Number 00347914
942 ## - ADDED ENTRY ELEMENTS (KOHA)
Source of classification or shelving scheme
Koha item type Analítica Artículo de Revista

No hay ítems disponibles.

12 de Octubre 789 Ushuaia - Tel:  54(02901)441571
Horario de Atención: 8.00 a 17.00 hs. 
bibliotecaush@justierradelfuego.gov.ar
koha@justierradelfuego.gov.ar
Seguinos en nuestras redes @bibliojustdf 

Con tecnología Koha